[Event "COL-ch U14"]
[Site "Cartagena"]
[Date "2023.04.16"]
[Round "6"]
[White "Delgado Caballero, Nigel Alejandro"]
[Black "Andrade Salcedo, Jorge Mario"]
[Result "1-0"]
[WhiteElo "1402"]
[BlackElo "1229"]
[PlyCount "147"]
[EventDate "2023.04.13"]
[EventType "swiss"]
[EventRounds "7"]
[EventCountry "COL"]
[SourceTitle "CBM 213 Extra"]
[Source "ChessBase"]
[SourceDate "2023.05.31"]
[SourceVersion "1"]
[SourceVersionDate "2023.05.31"]
[SourceQuality "1"]

1. d4 d5 2. Nf3 Bf5 3. c4 dxc4 4. Nc3 Nf6 5. e3 e6 6. Bxc4 Bb4 7. Qa4+ Nc6 8. Ne5 Bxc3+ 9. bxc3 0-0 10. Nxc6 bxc6 11. Ba3 Re8 12. 0-0 Ne4 13. Qxc6 Nxc3 14. Ba6 Nd5 15. Bb5 Qg5 16. Kh1 Be4 17. Rg1 Nf6 18. Qc5 Qxc5 19. Bxc5 Reb8 20. Be2 Rb2 21. Rge1 Nd5 22. f3 Nc3 23. Bc4 Bd5 24. Bxd5 exd5 25. Rec1 Nxa2 26. Ba3 Nxc1 27. Bxb2 Nd3 28. Bc3 Rb8 29. h3 Rb7 30. Kh2 f5 31. Kg3 g5 32. Ra5 c6 33. Ra6 f4+ 34. exf4 gxf4+ 35. Kh2 Nb4 36. Ra4 Nd3 37. Ra6 c5 38. dxc5 Nxc5 39. Ra5 Ne6 40. Rxd5 Rc7 41. Be5 Rc5 42. Rxc5 Nxc5 43. Bd4 Nd3 44. Bxa7 Kf7 45. Kg1 Kg6 46. Kf1 Kf5 47. Ke2 Ne5 48. Bd4 Ng6 49. Bf2 h5 50. h4 Ne7 51. Kd3 Nc6 52. Be1 Ne5+ 53. Kd4 Nc6+ 54. Kd5 Ne5 55. Bc3 Nd3 56. Kc4 Nf2 57. Bd2 Nd1 58. Bc1 Nf2 59. Bb2 Nh1 60. Bd4 Ng3 61. Kd3 Ke6 62. Bf2 Nh1 63. Be1 Ke5 64. Kc4 Kf5 65. Kd4 Ng3 66. Bxg3 fxg3 67. Ke3 Ke5 68. f4+ Kd5 69. Kd3 Ke6 70. Ke4 Kd6 71. f5 Ke7 72. Ke5 Kf7 73. f6 Ke8 74. Ke6 1-0

[Event "Bogota El Tablazo op-B"]
[Site "Bogota"]
[Date "2022.06.24"]
[Round "1.14"]
[White "Linares Pulgarin, Frederic Andres"]
[Black "Delgado Caballero, Nigel Alejandro"]
[Result "1-0"]
[WhiteElo "1865"]
[BlackElo "1353"]
[PlyCount "109"]
[EventDate "2022.06.24"]
[EventType "swiss"]
[EventRounds "7"]
[EventCountry "COL"]
[SourceTitle "EXT 2024"]
[Source "ChessBase"]
[SourceDate "2023.10.10"]
[SourceVersion "1"]
[SourceVersionDate "2023.10.10"]
[SourceQuality "1"]

1. d4 Nf6 2. c4 g6 3. Nc3 Bg7 4. e4 d6 5. Be2 0-0 6. Bg5 Nbd7 7. Qd2 c5 8. d5 a6 9. f3 Rb8 10. Nh3 Kh8 11. Nf2 Ng8 12. g4 Qa5 13. a4 Nb6 14. Nfd1 f5 15. 0-0 fxg4 16. fxg4 Rxf1+ 17. Kxf1 Bd7 18. b3 Rf8+ 19. Kg2 Bc8 20. Rc1 Nd7 21. h3 Ne5 22. Nf2 Qb4 23. Qc2 Qb6 24. Rf1 h6 25. Be3 Qd8 26. Na2 a5 27. Nc1 Rf7 28. Ncd3 Qf8 29. Nxe5 Bxe5 30. Nd3 b6 31. Nxe5 dxe5 32. Rd1 Nf6 33. Qb2 Nd7 34. Qd2 Kh7 35. Qe1 Nf6 36. Bd3 Bd7 37. Qg3 Qb8 38. Rf1 Rg7 39. Bxh6 Qd6 40. Bxg7 Kxg7 41. Qf3 g5 42. Qe3 Kg6 43. Be2 Qb8 44. Kf2 Qh8 45. Ke1 Qh4+ 46. Kd2 Qh8 47. Kd3 Qh4 48. Kc2 Qh8 49. Rd1 Qf8 50. Qg3 Qh8 51. Rh1 Ne8 52. h4 gxh4 53. Rxh4 Qf6 54. Rh5 Qf4 55. Qh4 1-0

[Event "COL-ch U16"]
[Site "Villavicencio"]
[Date "2022.05.13"]
[Round "4"]
[White "Delgado Caballero, Nigel Alejandro"]
[Black "Malagon Guzman, Juan Daniel"]
[Result "0-1"]
[WhiteElo "1315"]
[BlackElo "1672"]
[PlyCount "62"]
[EventDate "2022.05.11"]
[EventType "swiss"]
[EventRounds "9"]
[EventCountry "COL"]
[SourceTitle "CBM 208 Extra"]
[Source "ChessBase"]
[SourceDate "2022.07.31"]
[SourceVersion "1"]
[SourceVersionDate "2022.07.31"]
[SourceQuality "1"]

1. d4 d5 2. c4 e6 3. Nc3 Nf6 4. Bg5 Be7 5. Nf3 h6 6. Bh4 0-0 7. e3 b6 8. Qc2 c5 9. Rd1 cxd4 10. Rxd4 Bb7 11. cxd5 Nxd5 12. Bxe7 Qxe7 13. Nxd5 Bxd5 14. e4 Nc6 15. Rd2 Nb4 16. Qd1 Bxe4 17. Be2 Nxa2 18. Qa4 Bd5 19. 0-0 Qb4 20. Qxb4 Nxb4 21. Rd4 a5 22. Ne5 Rfd8 23. Bb5 Ra7 24. Rc1 f6 25. Nc6 Rc7 26. Rc3 Nxc6 27. Bxc6 Rdc8 28. Bxd5 exd5 29. Rxd5 Rxc3 30. bxc3 Rxc3 31. Kf1 Rb3 0-1

[Event "COL-ch U16"]
[Site "Villavicencio"]
[Date "2022.05.11"]
[Round "1"]
[White "Urueta Gonzalez, Yeiren David"]
[Black "Delgado Caballero, Nigel Alejandro"]
[Result "0-1"]
[WhiteElo "1518"]
[BlackElo "1315"]
[PlyCount "94"]
[EventDate "2022.05.11"]
[EventType "swiss"]
[EventRounds "9"]
[EventCountry "COL"]
[SourceTitle "CBM 208 Extra"]
[Source "ChessBase"]
[SourceDate "2022.07.31"]
[SourceVersion "1"]
[SourceVersionDate "2022.07.31"]
[SourceQuality "1"]

1. d4 Nf6 2. Nf3 d5 3. e3 e6 4. Bd3 Nbd7 5. 0-0 Bd6 6. Nbd2 0-0 7. Re1 c5 8. c3 e5 9. e4 exd4 10. e5 dxc3 11. bxc3 c4 12. Bc2 Bc5 13. exf6 Qxf6 14. Bb2 Qb6 15. Rb1 Bxf2+ 16. Kf1 Bxe1 17. Qxe1 Qc5 18. Qh4 Nf6 19. Re1 b6 20. Nb1 Bb7 21. Ba3 Qa5 22. Bxf8 Rxf8 23. a4 h6 24. g4 d4 25. Nxd4 Qd5 26. Qg3 Qg5 27. h3 Nh5 28. Qe5 Nf4 29. h4 Qxg4 30. Be4 Qh3+ 31. Kf2 Bxe4 32. Qxe4 Nd3+ 33. Ke2 Qh2+ 34. Kf3 Qf2+ 35. Kg4 Qxe1 36. Qxe1 Nxe1 37. Nd2 Rc8 38. Ne4 a6 39. Nd6 Rc7 40. N4f5 Nd3 41. Nd4 Nb2 42. Nc2 Nxa4 43. Nb4 a5 44. Na6 Ra7 45. Nb8 Nxc3 46. Nc6 a4 47. Nxa7 a3 0-1

[Event "Puerto Lopez op"]
[Site "Puerto Lopez"]
[Date "2022.05.07"]
[Round "3"]
[White "Delgado Caballero, Nigel Alejandro"]
[Black "Gutierrez, Luis"]
[Result "1-0"]
[WhiteElo "1230"]
[BlackElo "2158"]
[PlyCount "101"]
[EventDate "2022.05.07"]
[EventType "swiss"]
[EventRounds "6"]
[EventCountry "COL"]
[SourceTitle "CBM 208 Extra"]
[Source "ChessBase"]
[SourceDate "2022.07.31"]
[SourceVersion "1"]
[SourceVersionDate "2022.07.31"]
[SourceQuality "1"]

1. d4 d5 2. c4 e6 3. Nf3 Nf6 4. Bg5 Be7 5. Nc3 c6 6. e3 0-0 7. Bd3 h6 8. Bh4 Nh7 9. Bxe7 Qxe7 10. Qc2 f5 11. Ne5 Nd7 12. Ng6 Qf6 13. Nxf8 Ndxf8 14. 0-0-0 Bd7 15. h4 b5 16. cxb5 cxb5 17. Qb3 a6 18. Kb1 Qe7 19. a3 Nf6 20. f3 Bc6 21. Ne2 Rb8 22. Nf4 b4 23. Bxa6 Qa7 24. Nd3 Qxa6 25. Nxb4 Qb5 26. Qc3 Bd7 27. Qd3 Qxd3+ 28. Nxd3 Ng6 29. Nc5 Bc8 30. Rd3 Kf7 31. Rb3 Ra8 32. Rb6 f4 33. h5 Nf8 34. exf4 N8d7 35. Nxd7 Nxd7 36. Rc6 Kf6 37. Re1 Nf8 38. g4 g6 39. hxg6 Nxg6 40. f5 Nf4 41. fxe6 Bxe6 42. Re5 Ke7 43. Rc7+ Kd6 44. Rh7 Rb8 45. Rxh6 Re8 46. g5 Nd3 47. Re3 Nf2 48. Kc1 Ng4 49. fxg4 Kd7 50. Rexe6 Rxe6 51. Rxe6 1-0

[Event "Puerto Lopez op"]
[Site "Puerto Lopez"]
[Date "2021.07.31"]
[Round "3"]
[White "Delgado Caballero, Nigel Alejandro"]
[Black "Rico Duran, Juan Sebastian"]
[Result "0-1"]
[WhiteElo "1507"]
[BlackElo "1675"]
[PlyCount "66"]
[EventDate "2021.07.31"]
[EventType "swiss"]
[EventRounds "6"]
[EventCountry "COL"]
[SourceTitle "EXT 2022"]
[Source "ChessBase"]
[SourceDate "2021.10.06"]
[SourceVersion "1"]
[SourceVersionDate "2021.10.06"]
[SourceQuality "1"]

1. e4 e5 2. Nf3 Nc6 3. Bc4 Bc5 4. c3 Nf6 5. 0-0 0-0 6. Bb3 d6 7. a3 Nxe4 8. d3 Nf6 9. Re1 h6 10. Nbd2 Bf5 11. h3 Bxd3 12. Bc2 Bxc2 13. Qxc2 a5 14. Ne4 Nxe4 15. Qxe4 f5 16. Qc4+ Kh8 17. g3 e4 18. Nh4 Qf6 19. Be3 Ne5 20. Qe2 g5 21. Qh5 Bxe3 22. fxe3 gxh4 23. Rf1 Nf3+ 24. Kh1 hxg3 25. Kg2 d5 26. Rad1 Rg8 27. Rxd5 Rg5 28. Rxf5 Rxf5 29. Qg4 Rg8 30. Qxe4 Nh4+ 31. Qxh4 Rf2+ 32. Rxf2 Qxf2+ 33. Kh1 Qf1# 0-1